La república francesa : el multipartidisme bipolaritzat / per Joan Marcet el multipartidisme bipolaritzat / per Joan Marcet
Descripción Física:
48 p. ; 21 cm
MARC
| LEADER | 00000nam a2200000Ia 4500 | ||
|---|---|---|---|
| 001 | 16398 | ||
| 008 | 160829s1991 xx 000 0 cat d | ||
| 080 | |a FU-43-23 | ||
| 100 | |a Marcet, Joan |9 28414 | ||
| 245 | |a La república francesa : |b el multipartidisme bipolaritzat / per Joan Marcet | ||
| 260 | |a Barcelona : |b Institut de Ciències Polítiques i Socials, |c 1991 | ||
| 300 | |a 48 p. ; |c 21 cm | ||
| 490 | 1 | |a Working papers / Institut de Ciències Polítiques i Socials ; |v 40 | |
| 650 | |a Partits polítics |x França |9 22418 | ||
| 650 | |a Republicanisme |x França |9 22419 | ||
| 710 | 2 | |a Institut de Ciències Polítiques i Socials (Barcelona, Catalunya) |9 55871 | |
| 830 | 0 | |9 56044 |a Working papers (Institut de Ciències Polítiques i Socials (Barcelona, Catalunya)) |v 40 | |
| 901 | |a Arxiu | ||
| 942 | |n 1 |2 udc | ||
| 952 | |0 0 |1 0 |4 0 |6 FU4323 |7 1 |9 42207 |a Arxiu |b Arxiu |d 2016-12-01 |l 0 |o FU-43-23 |p 16398 |r 2016-12-01 00:00:00 |w 2016-12-01 |y ARXIU | ||
| 999 | |c 44654 |d 44654 | ||